[Event "España  ch sub-18 2006"]
[Site "Baños de Montemayor ESP"]
[Date "2006.07.12"]
[Round "7.2"]
[White "Valmaña Canto, Jaime"]
[Black "Llorente Zaro, Alfonso"]
[Result "1/2-1/2"]
[WhiteElo "2284"]
[BlackElo "2367"]
[PlyCount "152"]
[EventDate "2006.07.08"]
[EventType "swiss"]
[EventRounds "9"]
[EventCountry "ESP"]
[Source "lmi"]
[SourceDate "2006.07.14"]

1. e4 c5 2. Nf3 Nc6 3. Nc3 d6 4. d4 cxd4 5. Nxd4 e5 6. Nf5 Bxf5 7. exf5 Qd7 8.
Bc4 Qxf5 9. O-O Nf6 10. f4 Be7 11. Nd5 e4 12. Re1 O-O 13. Bb3 Rac8 14. Nxe7+
Nxe7 15. Qxd6 Ned5 16. Qe5 g6 17. Be3 Nxe3 18. Rxe3 Rfd8 19. h3 Rc5 20. Qxf5
Rxf5 21. Rf1 h5 22. g3 Kg7 23. Rf2 Rc5 24. Rfe2 Rf5 25. Rf2 Re8 26. Re1 b5 27.
c3 g5 28. fxg5 Rxg5 29. Kg2 h4 30. g4 e3 31. Rfe2 Rge5 32. Bc2 Nd5 33. Kf3 R5e6
34. Bf5 Rf6 35. b3 Rc6 36. Be4 Rf6+ 37. Bf5 Rc8 38. Rc1 Rc5 39. c4 b4 40. Rcc2
Ne7 41. Rxe3 Nxf5 42. gxf5 Rcxf5+ 43. Ke4 Re6+ 44. Kxf5 Rxe3 45. Kg4 Kg6 46.
Kxh4 f5 47. c5 Rc3 48. Rg2+ Kf6 49. Re2 Rxc5 50. Kg3 Rc3+ 51. Kg2 Kg5 52. Rf2
f4 53. Rf3 Kf5 54. Rf2 Rg3+ 55. Kh2 Ke4 56. Rc2 Rc3 57. Rf2 Ke3 58. Kg2 Rc6 59.
Rf3+ Ke4 60. Rf2 Rg6+ 61. Kf1 f3 62. Rc2 Rg3 63. Rc7 Rxh3 64. Rxa7 Rh1+ 65. Kf2
Rh2+ 66. Kf1 Ke3 67. Re7+ Kd3 68. Ra7 Rb2 69. a3 bxa3 70. Rxa3 Ke4 71. Ra8 Rb1+
72. Kf2 Rb2+ 73. Kf1 Ke3 74. Re8+ Kf4 75. Rb8 Kg3 76. Rg8+ Kf4 1/2-1/2

[Event "España  ch sub-18 2006"]
[Site "Baños de Montemayor ESP"]
[Date "2006.07.12"]
[Round "7.3"]
[White "Cortes Lizano, Jesus"]
[Black "Garrido Dominguez, Jesus"]
[Result "1-0"]
[WhiteElo "2169"]
[BlackElo "2341"]
[PlyCount "83"]
[EventDate "2006.07.08"]
[EventType "swiss"]
[EventRounds "9"]
[EventCountry "ESP"]
[Source "lmi"]
[SourceDate "2006.07.14"]

1. Nf3 Nf6 2. g3 g6 3. Bg2 Bg7 4. O-O O-O 5. d4 d6 6. a4 Na6 7. Nc3 d5 8. Ne5
c6 9. f4 Bf5 10. h3 Nb4 11. Nd3 a5 12. Be3 h5 13. Na2 Qc8 14. Naxb4 axb4 15.
Kh2 Qe6 16. Bg1 Bxd3 17. cxd3 Bh6 18. Qb3 h4 19. e3 hxg3+ 20. Kxg3 Qd6 21. Kh2
Nh5 22. Qd1 b6 23. Qf3 e6 24. Kh1 f5 25. Bh2 Rf7 26. e4 Rfa7 27. Rae1 Rxa4 28.
Rg1 Kh7 29. Qf2 Qf8 30. Bf3 Ng7 31. h4 Qf7 32. h5 gxh5 33. Qh4 R4a7 34. Rc1 Rc7
35. Rg2 Rg8 36. Rcg1 Rcc8 37. Rg5 Rcf8 38. e5 Qe7 39. R1g3 Qa7 40. Bxh5 Qa1+
41. Rg1 Bxg5 42. Bg6+ 1-0

[Event "España  ch sub-18 2006"]
[Site "Baños de Montemayor ESP"]
[Date "2006.07.12"]
[Round "7.4"]
[White "Huerga Leache, Mikel"]
[Black "Aloma Vidal, Robert"]
[Result "0-1"]
[WhiteElo "2310"]
[BlackElo "2357"]
[PlyCount "206"]
[EventDate "2006.07.08"]
[EventType "swiss"]
[EventRounds "9"]
[EventCountry "ESP"]
[Source "lmi"]
[SourceDate "2006.07.14"]

1. e4 c5 2. Nf3 e6 3. d4 cxd4 4. Nxd4 a6 5. c4 Nf6 6. Nc3 Qc7 7. a3 b6 8. Be3
Bb7 9. f3 d6 10. Rc1 Nbd7 11. Be2 Be7 12. O-O O-O 13. Qd2 Rac8 14. Kh1 Qb8 15.
b4 Bd8 16. Rc2 Bc7 17. Bg1 Kh8 18. Na4 Rg8 19. Rb1 g5 20. c5 dxc5 21. bxc5 Bf4
22. Qb4 a5 23. Qb5 bxc5 24. Nxc5 Bc6 25. Nxc6 Rxc6 26. g3 Rb6 27. Nxd7 Rxb5 28.
Rxb5 Qd8 29. Nxf6 Qxf6 30. gxf4 g4 31. Rd2 Qxf4 32. Rd1 f6 33. Rb3 a4 34. Rc3
g3 35. Bf1 Qe5 36. Rcd3 Qh5 37. Bg2 gxh2 38. Bxh2 Qg5 39. Bf1 Qc5 40. Bg2 e5
41. Bg1 Qf8 42. Bh2 Qc5 43. Bg1 Qf8 44. Be3 f5 45. exf5 Qxf5 46. Bg1 Qg6 47.
R3d2 Qh5+ 48. Bh2 Re8 49. Rd5 Qh4 50. Kg1 Qf6 51. Re1 Qb6+ 52. Kh1 Qb3 53.
Rdxe5 Rxe5 54. Bxe5+ Kg8 55. Ra1 Kf7 56. f4 Ke6 57. Kh2 h5 58. Bh3+ Kd5 59.
Bg2+ Ke6 60. Bh3+ Kd5 61. Bh8 h4 62. Bg2+ Ke6 63. Re1+ Kf7 64. Re5 Qg3+ 65. Kh1
Qxf4 66. Re4 Qc1+ 67. Kh2 Qxa3 68. Rxh4 Qd6+ 69. Kh3 Qd3+ 70. Kg4 a3 71. Rh1 a2
72. Rf1+ Kg6 73. Ba1 Qe2+ 74. Kg3 Kg5 75. Bf6+ Kg6 76. Ba1 Qe3+ 77. Kh2 Qh6+
78. Bh3 Qd2+ 79. Kh1 Qd5+ 80. Bg2 Qh5+ 81. Kg1 Qc5+ 82. Kh2 Qh5+ 83. Kg3 Qg5+
84. Kf2 Qd2+ 85. Kf3 Kg5 86. Kg3 Qd3+ 87. Kf2 Kg4 88. Re1 Qd2+ 89. Kf1 Kg3 90.
Be5+ Kg4 91. Ba1 Qd3+ 92. Kg1 Qb1 93. Kf2 Qc2+ 94. Kf1 Qf5+ 95. Ke2 Kg3 96. Bf1
Qb1 97. Rd1 Qc2+ 98. Ke3 Qxd1 99. Be5+ Kh4 100. Bf6+ Kg3 101. Be5+ Kh4 102.
Bf6+ Kg4 103. Be2+ Kf5 0-1

[Event "España  ch sub-18 2006"]
[Site "Baños de Montemayor ESP"]
[Date "2006.07.12"]
[Round "7.5"]
[White "Angulo Martinez, Jon"]
[Black "Pena Gomez, Manuel"]
[Result "0-1"]
[WhiteElo "2134"]
[BlackElo "2337"]
[PlyCount "106"]
[EventDate "2006.07.08"]
[EventType "swiss"]
[EventRounds "9"]
[EventCountry "ESP"]
[Source "lmi"]
[SourceDate "2006.07.14"]

1. e4 c5 2. Nf3 d6 3. Bb5+ Bd7 4. Bxd7+ Qxd7 5. O-O Nf6 6. Nc3 Nc6 7. d4 cxd4
8. Nxd4 e6 9. Re1 Be7 10. Nxc6 Qxc6 11. Qe2 O-O 12. Bf4 a6 13. a3 Nd7 14. Rad1
Ne5 15. Bxe5 dxe5 16. Rd3 Rac8 17. Qd1 Qb6 18. Qc1 Qa5 19. Qd2 Qc5 20. Rd7 b5
21. Qe3 g6 22. Qxc5 Bxc5 23. Na2 a5 24. c3 Rfd8 25. Red1 Rxd7 26. Rxd7 b4 27.
axb4 axb4 28. cxb4 Bxb4 29. Rd1 Ba5 30. b4 Bb6 31. Rc1 Rd8 32. Nc3 Rd2 33. Rf1
Bd4 34. Nb5 Bb6 35. Nc3 Rc2 36. Na4 Bd4 37. Nc5 Rc4 38. Rb1 Bc3 39. Na6 Rxe4
40. b5 Bd4 41. h3 Bb6 42. Kh2 Re2 43. f3 e4 44. fxe4 Rxe4 45. Kh1 Rd4 46. Nb8
Rd5 47. Nc6 Kg7 48. Ne7 Rc5 49. Nc6 e5 50. Nb8 Rd5 51. Nc6 e4 52. g4 f5 53.
gxf5 gxf5 0-1

[Event "España  ch sub-18 2006"]
[Site "Baños de Montemayor ESP"]
[Date "2006.07.12"]
[Round "7.6"]
[White "Antoli Royo, Joaquin Miguel"]
[Black "Pallardo Lozoya, Jose Vicente"]
[Result "1-0"]
[WhiteElo "2210"]
[BlackElo "2323"]
[PlyCount "79"]
[EventDate "2006.07.08"]
[EventType "swiss"]
[EventRounds "9"]
[EventCountry "ESP"]
[Source "lmi"]
[SourceDate "2006.07.14"]

1. e4 e6 2. d4 d5 3. Nd2 Be7 4. Ngf3 Nf6 5. e5 Nfd7 6. Bd3 c5 7. c3 Nc6 8. O-O
g5 9. dxc5 g4 10. Nd4 Ndxe5 11. Bb5 Bxc5 12. f4 Nd7 13. N2b3 Nxd4 14. cxd4 Be7
15. Qxg4 a6 16. Bd3 Nf6 17. Qe2 Rg8 18. f5 Ne4 19. Bxe4 dxe4 20. Qxe4 exf5 21.
Qe5 Be6 22. Bf4 Qd5 23. Qe2 Rc8 24. Rf3 Qe4 25. Qf2 Rc2 26. Nd2 Qd5 27. Re1
Rxb2 28. a3 Bf6 29. Rd3 Rc2 30. Re2 Rc1+ 31. Nf1 Ra1 32. h3 Kd7 33. Kh2 Qb5 34.
d5 Qxd3 35. dxe6+ Ke7 36. Qc5+ Ke8 37. Qc7 Be7 38. exf7+ Kxf7 39. Qxe7+ Kg6 40.
Re6+ 1-0

[Event "España  ch sub-18 2006"]
[Site "Baños de Montemayor ESP"]
[Date "2006.07.12"]
[Round "7.7"]
[White "Lariño Nieto, David"]
[Black "Ivanovitch Balsinde, Nicolas"]
[Result "1-0"]
[WhiteElo "2371"]
[BlackElo "2140"]
[PlyCount "67"]
[EventDate "2006.07.08"]
[EventType "swiss"]
[EventRounds "9"]
[EventCountry "ESP"]
[Source "lmi"]
[SourceDate "2006.07.14"]

1. e4 c5 2. d3 Nc6 3. g3 g6 4. Bg2 Bg7 5. Nc3 e6 6. Be3 Nd4 7. Nce2 d6 8. c3
Nxe2 9. Nxe2 Ne7 10. O-O O-O 11. Qd2 Re8 12. Bh6 Bh8 13. h4 Nc6 14. f4 f5 15.
g4 Qxh4 16. Bg5 Qxg4 17. Kh2 Ne5 18. fxe5 Bxe5+ 19. Kg1 fxe4 20. d4 cxd4 21.
cxd4 Bg3 22. Qc3 Qxg5 23. Nxg3 d5 24. Qc7 Qe7 25. Rac1 Bd7 26. Qe5 Rac8 27.
Rxc8 Rxc8 28. Bxe4 dxe4 29. Nxe4 Rf8 30. Nf6+ Rxf6 31. Rxf6 Qb4 32. Rf2 Qe7 33.
d5 Qh4 34. Qb8+ 1-0

[Event "España  ch sub-18 2006"]
[Site "Baños de Montemayor ESP"]
[Date "2006.07.12"]
[Round "7.8"]
[White "Gimeno Higueras, Roberto"]
[Black "Alonso Fernandez, Marcos"]
[Result "1/2-1/2"]
[WhiteElo "2141"]
[BlackElo "2296"]
[PlyCount "120"]
[EventDate "2006.07.08"]
[EventType "swiss"]
[EventRounds "9"]
[EventCountry "ESP"]
[Source "lmi"]
[SourceDate "2006.07.14"]

1. e4 c5 2. c3 Nf6 3. e5 Nd5 4. Bc4 e6 5. d4 cxd4 6. Bxd5 exd5 7. Qxd4 d6 8.
Qxd5 Nc6 9. exd6 Bxd6 10. Qe4+ Be6 11. Nf3 Qc7 12. Be3 O-O-O 13. Nbd2 Rhe8 14.
Qa4 Be7 15. O-O g5 16. b4 g4 17. Nd4 Bd6 18. Nb5 Bxh2+ 19. Kh1 Qe5 20. Nxa7+
Nxa7 21. Qxa7 Qh5 22. Qc5+ Qxc5 23. bxc5 Be5 24. Rfc1 Rd3 25. Ne4 Kc7 26. Bd4
Bd5 27. Nd6 Bxd6 28. cxd6+ Kxd6 29. Rc2 h5 30. Kh2 h4 31. Rf1 h3 32. g3 f5 33.
Be3 Rexe3 34. fxe3 Rxe3 35. Rxf5 Re1 36. Rxd5+ Kxd5 37. Rb2 Re4 38. Rxb7 Re2+
39. Kh1 Re1+ 40. Kh2 Re2+ 41. Kh1 Rg2 42. c4+ Kxc4 43. Rb3 Rxa2 44. Re3 Kd4 45.
Re1 Ra3 46. Kh2 Re3 47. Rf1 Re2+ 48. Kh1 Kd3 49. Ra1 Ke3 50. Rf1 Rf2 51. Ra1
Rf3 52. Kh2 Rf2+ 53. Kh1 Rf5 54. Ra3+ Kf2 55. Kh2 Rf3 56. Ra2+ Ke1 57. Ra4 Rf2+
58. Kh1 Rf1+ 59. Kh2 Rf2+ 60. Kh1 Rf1+ 1/2-1/2

[Event "España  ch sub-18 2006"]
[Site "Baños de Montemayor ESP"]
[Date "2006.07.12"]
[Round "8.1"]
[White "Alsina Leal, Daniel"]
[Black "Cortes Lizano, Jesus"]
[Result "1/2-1/2"]
[WhiteElo "2428"]
[BlackElo "2169"]
[PlyCount "106"]
[EventDate "2006.07.08"]
[EventType "swiss"]
[EventRounds "9"]
[EventCountry "ESP"]
[Source "lmi"]
[SourceDate "2006.07.14"]

1. d4 Nf6 2. Nf3 e6 3. c4 Bb4+ 4. Bd2 Qe7 5. g3 b6 6. Bg2 Bb7 7. O-O Bxd2 8.
Nbxd2 d6 9. Qc2 Nbd7 10. e4 e5 11. d5 a5 12. Nh4 O-O 13. f4 Nc5 14. Nf5 Qe8 15.
Rae1 Bc8 16. fxe5 dxe5 17. b3 Rb8 18. Qc3 g6 19. Ne3 Qe7 20. a3 Ne8 21. b4 Nb7
22. Nb3 Ra8 23. Nc1 Nbd6 24. Nd3 f6 25. Rb1 Qd7 26. Qc2 Rf7 27. b5 Nb7 28. c5
bxc5 29. Nxc5 Nxc5 30. Qxc5 Rb8 31. Nc4 Nd6 32. Nxd6 cxd6 33. Qc6 Qd8 34. Rfc1
f5 35. a4 f4 36. Qc3 g5 37. Kh1 h5 38. gxf4 exf4 39. e5 Bf5 40. e6 Rg7 41. Rb2
g4 42. Qe1 h4 43. Be4 Qf6 44. Rbc2 g3 45. Rc8+ Rxc8 46. Rxc8+ Kh7 47. Bf3 h3
48. Qc3 Qg5 49. Rc7 Rxc7 50. Qxc7+ Kh6 51. Qf7 gxh2 52. Qf8+ Kh7 53. Qf7+ Kh6
1/2-1/2

[Event "España  ch sub-18 2006"]
[Site "Baños de Montemayor ESP"]
[Date "2006.07.12"]
[Round "8.2"]
[White "Llorente Zaro, Alfonso"]
[Black "Pena Gomez, Manuel"]
[Result "1-0"]
[WhiteElo "2367"]
[BlackElo "2337"]
[PlyCount "63"]
[EventDate "2006.07.08"]
[EventType "swiss"]
[EventRounds "9"]
[EventCountry "ESP"]
[Source "lmi"]
[SourceDate "2006.07.14"]

1. Nf3 Nf6 2. g3 c5 3. Bg2 Nc6 4. O-O g6 5. c4 Bg7 6. d4 cxd4 7. Nxd4 O-O 8.
Nc3 Nxd4 9. Qxd4 d6 10. Qd3 Nd7 11. b3 Nc5 12. Qd2 Bf5 13. Bb2 Qd7 14. Rfd1 Bh3
15. Bxh3 Qxh3 16. Nd5 Rae8 17. Bxg7 Kxg7 18. Qd4+ e5 19. Qe3 f5 20. Nc7 Re7 21.
Rxd6 Ne4 22. Ne6+ Kf7 23. Qxe4 Rxe6 24. Qxb7+ Re7 25. Rd7 Rfe8 26. Rad1 f4 27.
c5 e4 28. Qd5+ Kf8 29. Rxe7 Rxe7 30. Qd6 f3 31. exf3 Qh5 32. fxe4 1-0

[Event "España  ch sub-18 2006"]
[Site "Baños de Montemayor ESP"]
[Date "2006.07.12"]
[Round "8.3"]
[White "Aloma Vidal, Robert"]
[Black "Valmaña Canto, Jaime"]
[Result "0-1"]
[WhiteElo "2357"]
[BlackElo "2284"]
[PlyCount "78"]
[EventDate "2006.07.08"]
[EventType "swiss"]
[EventRounds "9"]
[EventCountry "ESP"]
[Source "lmi"]
[SourceDate "2006.07.14"]

1. d4 Nf6 2. c4 g6 3. Nc3 Bg7 4. e4 d6 5. Bd3 O-O 6. Nge2 c5 7. d5 e6 8. O-O
exd5 9. cxd5 Re8 10. Ng3 Ng4 11. h3 Ne5 12. Be2 Na6 13. Be3 Nc7 14. f4 Nd7 15.
e5 dxe5 16. f5 Rf8 17. Qd2 Ne8 18. d6 a6 19. a4 b6 20. Bg5 Bf6 21. h4 Bb7 22.
Nge4 Bxg5 23. hxg5 f6 24. Bc4+ Kh8 25. g4 gxf5 26. Rxf5 fxg5 27. Rxf8+ Nxf8 28.
Nxg5 Nxd6 29. Rf1 Qd7 30. Be2 Rd8 31. Rf6 Kg7 32. Rf2 Ne6 33. Qe3 Re8 34. Qxe5+
Kg8 35. Bd3 Qg7 36. Qf4 Qd4 37. Qxd4 cxd4 38. Ne2 Nf5 39. Nc3 Nh6 0-1

[Event "España  ch sub-18 2006"]
[Site "Baños de Montemayor ESP"]
[Date "2006.07.12"]
[Round "8.4"]
[White "Mayo Casadermot, Marti"]
[Black "Lariño Nieto, David"]
[Result "0-1"]
[WhiteElo "2191"]
[BlackElo "2371"]
[PlyCount "52"]
[EventDate "2006.07.08"]
[EventType "swiss"]
[EventRounds "9"]
[EventCountry "ESP"]
[Source "lmi"]
[SourceDate "2006.07.14"]

1. d4 e6 2. c4 Nf6 3. Nc3 Bb4 4. f3 d5 5. a3 Bxc3+ 6. bxc3 c5 7. cxd5 Nxd5 8.
dxc5 Nd7 9. e4 Ne7 10. Be3 O-O 11. Bb5 Qa5 12. Bxd7 Bxd7 13. Ne2 Ba4 14. Qb1
Qa6 15. Qb2 Nc6 16. O-O Ne5 17. Bd4 Nc4 18. Qb4 e5 19. Bf2 Rfd8 20. Ng3 g6 21.
Rfb1 Bc2 22. Rc1 Bd3 23. Rd1 Qe6 24. Qxb7 Na5 25. Qc7 Nb3 26. Ra2 Rd7 0-1

[Event "España  ch sub-18 2006"]
[Site "Baños de Montemayor ESP"]
[Date "2006.07.12"]
[Round "8.5"]
[White "Fernandez Losada, Daniel"]
[Black "Antoli Royo, Joaquin Miguel"]
[Result "0-1"]
[WhiteElo "2142"]
[BlackElo "2210"]
[PlyCount "56"]
[EventDate "2006.07.08"]
[EventType "swiss"]
[EventRounds "9"]
[EventCountry "ESP"]
[Source "lmi"]
[SourceDate "2006.07.14"]

1. e4 c5 2. Nf3 Nc6 3. d4 cxd4 4. Nxd4 Qc7 5. Nc3 e6 6. Nb3 a6 7. Bd3 b5 8. O-O
Bb7 9. f4 d6 10. Be3 Nf6 11. Qf3 Be7 12. Rae1 Nb4 13. Qg3 Nxd3 14. cxd3 O-O 15.
e5 Nd7 16. f5 dxe5 17. f6 Nxf6 18. Bh6 Ne8 19. Bd2 b4 20. Ne4 f5 21. Ng5 f4 22.
Qg4 Bxg5 23. Qxg5 Rf5 24. Qh4 Nf6 25. Rc1 Qf7 26. Nc5 Rh5 27. Qe1 Bd5 28. Ne4
Qg6 0-1

[Event "España  ch sub-18 2006"]
[Site "Baños de Montemayor ESP"]
[Date "2006.07.12"]
[Round "8.6"]
[White "Garrido Dominguez, Jesus"]
[Black "Torres Ventosa, Pedro Eugenio"]
[Result "1/2-1/2"]
[WhiteElo "2341"]
[BlackElo "2062"]
[PlyCount "107"]
[EventDate "2006.07.08"]
[EventType "swiss"]
[EventRounds "9"]
[EventCountry "ESP"]
[Source "lmi"]
[SourceDate "2006.07.14"]

1. e4 c5 2. Nf3 d6 3. c3 Nf6 4. h3 Nc6 5. Bd3 g6 6. O-O Bg7 7. Bc2 O-O 8. a3 a6
9. d4 cxd4 10. cxd4 b5 11. Qe2 Nd7 12. Rd1 Bb7 13. Nc3 Nb6 14. e5 dxe5 15. dxe5
Qc8 16. Bf4 Nd8 17. Bg5 Qc7 18. Bb3 Nc4 19. Bxc4 bxc4 20. Nd5 Bxd5 21. Rxd5 Ne6
22. Be3 Rfd8 23. Rxd8+ Rxd8 24. Bd2 Qb7 25. Bc3 Qd5 26. Re1 Nc5 27. Qe3 Rb8 28.
Qd4 Qxd4 29. Nxd4 Nd3 30. Nc6 Rb6 31. Nxe7+ Kf8 32. Nd5 Rb5 33. Bb4+ Nxb4 34.
Nxb4 Bxe5 35. Re2 a5 36. Nc6 Bxb2 37. Nxa5 Rxa5 38. Rxb2 Rxa3 39. Rc2 c3 40.
Kf1 Ke7 41. Ke2 Kf6 42. Kd3 Kg5 43. Rxc3 Rxc3+ 44. Kxc3 Kf4 45. Kd4 h5 46. h4
f5 47. Kd5 Kg4 48. Ke5 g5 49. hxg5 Kxg5 50. Kd4 f4 51. Kd3 Kg4 52. Ke2 h4 53.
Kf1 f3 54. gxf3+ 1/2-1/2

[Event "España  ch sub-18 2006"]
[Site "Baños de Montemayor ESP"]
[Date "2006.07.12"]
[Round "8.7"]
[White "Claros Egea, Christian"]
[Black "Hidalgo Duque, Carlos"]
[Result "1-0"]
[WhiteElo "2228"]
[BlackElo "2130"]
[PlyCount "53"]
[EventDate "2006.07.08"]
[EventType "swiss"]
[EventRounds "9"]
[EventCountry "ESP"]
[Source "lmi"]
[SourceDate "2006.07.14"]

1. e4 c5 2. Nf3 d6 3. d4 cxd4 4. Nxd4 Nf6 5. Nc3 a6 6. Bg5 e6 7. f4 Nbd7 8. Qf3
Qc7 9. O-O-O Be7 10. g4 b5 11. Bxf6 Nxf6 12. g5 Nd7 13. Nf5 exf5 14. Nd5 Qd8
15. exf5 Bb7 16. Qc3 O-O 17. f6 Bxd5 18. Rxd5 gxf6 19. gxf6 Bxf6 20. Rg1+ Kh8
21. Qh3 Bg7 22. Bd3 f5 23. Bxf5 Nf6 24. Bxh7 Nxh7 25. Rh5 Ra7 26. Rxh7+ Kg8 27.
Qh5 1-0

[Event "España  ch sub-18 2006"]
[Site "Baños de Montemayor ESP"]
[Date "2006.07.12"]
[Round "8.8"]
[White "Pallardo Lozoya, Jose Vicente"]
[Black "Angulo Martinez, Jon"]
[Result "1/2-1/2"]
[WhiteElo "2323"]
[BlackElo "2134"]
[PlyCount "80"]
[EventDate "2006.07.08"]
[EventType "swiss"]
[EventRounds "9"]
[EventCountry "ESP"]
[Source "lmi"]
[SourceDate "2006.07.14"]

1. e4 e5 2. Nf3 Nc6 3. Bb5 a6 4. Ba4 d6 5. c3 Bd7 6. d3 g6 7. Nbd2 Bg7 8. Nf1
Nge7 9. h3 h6 10. Ng3 O-O 11. Nh2 f5 12. exf5 Nxf5 13. Bb3+ Kh7 14. O-O Qe7 15.
Nxf5 Bxf5 16. Be3 Na5 17. Bc2 d5 18. Qe2 Rae8 19. Rae1 b6 20. Bd2 Qf7 21. Qf3
c5 22. g4 Be6 23. Qg3 Nc6 24. h4 d4 25. c4 Bc8 26. Bd1 Bb7 27. Bf3 Nd8 28. Be4
Ne6 29. Qg2 Bxe4 30. Rxe4 Qd7 31. Rfe1 Qf7 32. R1e2 b5 33. b3 bxc4 34. bxc4 Rb8
35. Bc1 Rb1 36. Re1 Ra1 37. f3 Rb8 38. R4e2 Rf8 39. Nf1 Qxf3 40. Nh2 Qf7
1/2-1/2